Statistics for MLB Team’s Big 3 2023

Click here to take the quiz!

General Stats

  • This quiz has been taken 145 times
    (84 since last reset)
  • The average score is 52 of 90

Answer Stats

HintAnswer% Correct
MetsMax Scherzer
98%
MetsJustin Verlander
97%
MetsFrancisco Lindor
95%
PhilliesBryce Harper
93%
BravesRonald Acuna
93%
BravesAustin Riley
90%
BravesMax Fried
86%
MarlinsSandy Alcantara
83%
PhilliesZack Wheeler
83%
BrewersCorbin Burnes
81%
PhilliesTrea Turner
81%
YankeesGerrit Cole
79%
MarlinsJazz Chisholm
79%
YankeesAaron Judge
78%
DodgersMookie Betts
78%
CardinalsPaul Goldschmidt
78%
AngelsMike Trout
76%
CardinalsNolan Arenado
76%
AngelsShohei Ohtani
76%
PadresJuan Soto
74%
PadresManny Machado
74%
RangersCorey Seager
72%
DodgersFreddie Freeman
72%
RangersJacob DeGrom
72%
CubsDansby Swanson
71%
Blue JaysVladimir Guerrero
71%
Blue JaysBo Bichette
69%
CubsCody Bellinger
69%
PadresXander Bogaerts
69%
D-BacksZac Gallen
69%
BrewersBrandon Woodruff
67%
AstrosJose Altuve
67%
RangersMarcus Semien
67%
RoyalsBobby Witt Jr.
64%
GuardiansJose Ramirez
64%
PiratesOneil Cruz
64%
TigersEduardo Rodriguez
62%
MarinersJulio Rodriguez
62%
GiantsLogan Webb
62%
White SoxLuis Robert
62%
Red SoxRafael Devers
62%
AstrosYordan Alvarez
62%
AstrosKyle Tucker
60%
CardinalsWillson Contreras
60%
PiratesBryan Reynolds
59%
OriolesCedric Mullins
59%
RaysRandy Arozarena
59%
White SoxTim Anderson
59%
TwinsCarlos Correa
57%
RedsJoey Votto
57%
RoyalsSalvador Perez
57%
OriolesAdley Rutschman
55%
TwinsByron Buxton
55%
White SoxDylan Cease
55%
MarinersLuis Castillo
55%
BrewersWilly Adames
55%
D-BacksKetel Marte
53%
RockiesKris Bryant
53%
RaysWander Franco
53%
Blue JaysAlek Manoah
52%
AngelsAnthony Rendon
52%
Red SoxChris Sale
52%
RaysShane McClanahan
50%
YankeesCarlos Rodon
48%
RedsHunter Greene
48%
TwinsPablo Lopez
48%
RockiesCJ Cron
47%
NationalsJoey Meneses
47%
TigersJavier Baez
45%
MarinersTeoscar Hernandez
45%
RedsJonathan India
41%
DodgersWalker Buehler
40%
RoyalsZack Greinke
38%
OriolesAnthony Santander
36%
GuardiansEmmanuel Clase
34%
CubsSeiya Suzuki
34%
GuardiansAndres Gimenez
33%
NationalsJeimer Candelario
33%
Red SoxMasataka Yoshida
33%
GiantsCamilo Doval
29%
PiratesDavid Bednar
29%
GiantsMichael Conforto
29%
MarlinsJean Segura
24%
D-BacksLourdes Gurriel
24%
AthleticsRamon Laureano
24%
NationalsVictor Robles
21%
AthleticsSeth Brown
19%
TigersAustin Meadows
16%
RockiesJurickson Profar
9%
AthleticsShintaro Fujinami
7%

Score Distribution

Percentile by Number Answered

Percent of People with Each Score

Your Score History

You have not taken this quiz since the last reset